000 00463nam a2200181Ia 4500
003 GCL
008 140319s9999 xx 000 0 eng d
040 _aGCL /
_cGCL
082 0 4 _a860
_bS L
100 1 _aBOYERS, ROBERT
245 1 0 _aLITERATURA : Y POLITICA /
_cBOYERS, ROBERT
700 1 _aSTEINER, GEORGE
260 _a[S.N] :
_bALIANZA EDITORIAL ،
_c1985
300 _a331 P P
650 0 4 _aLITERATURE
650 0 4 _aSPANISH LITERATURE
942 _2ddc
_cBK
999 _c11875
_d11875